000 00655cab a2200217 4500
001 WB3139-72
008 090401t1995 xxu||||| |||| 00| 0 eng d
035 _a(Sirsi) u3165
041 _aeng
245 4 _aThe CAP doesn`t fit
260 _c1995
350 _a0
490 _aYorkshire Post
_vFarm and Country Life 13 October 1995, 1(1)
520 _aCondemnation of the CAP as being inefficient and expensive, will calls for reform from the National Consumer Council.
650 _aCOMMON AGRICULTURAL POLICY
650 _aFARM SUBSIDIES
650 _aNATIONAL CONSUMER COUNCIL
690 _aRURAL PRACTICE
942 _n0
948 _c04/03/1997
999 _c1927
_d1927